Tampan tulip : (Record no. 4565)

MARC details
000 -LEADER
campo de control de longitud fija 01350nam a22003137i 4500
003 - IDENTIFICADOR DE NÚMERO DE CONTROL
campo de control OSt
005 - FECHA Y HORA DE LA ÚLTIMA TRANSACCIÓN
campo de control 20251118170028.0
008 - DATOS DE LONGITUD FIJA--INFORMACIÓN GENERAL
campo de control de longitud fija 251118e2022 ge|a|||grc||| 00| 0 eng d
020 ## - NÚMERO INTERNACIONAL ESTÁNDAR DEL LIBRO
Número Internacional Estándar del Libro 9783957635242
040 ## - FUENTE DE CATALOGACIÓN
Lengua de catalogación spa
Centro/agencia transcriptor MNU
082 04 - NÚMERO DE LA CLASIFICACIÓN DECIMAL DEWEY
Número de clasificación 707.4
Número de ítem S444t
100 ## - ENTRADA PRINCIPAL--NOMBRE DE PERSONA
Nombre de persona Tee, Jennifer
Fechas asociadas al nombre 1973-
Término indicativo de función/relación artista
245 10 - MENCIÓN DEL TÍTULO
Título Tampan tulip :
Resto del título seasonal work /
Mención de responsabilidad, etc. Jennifer Tee ; Secession; Cleo Tsw ; Ernst van Deursen ; Annette Südbeck, Sofía Hernández Chong Cuy ; Natasha Ginwala, Sophie J. Williamson.
260 ## - PUBLICACIÓN, DISTRIBUCIÓN, ETC.
Lugar de publicación, distribución, etc. Berlín :
Nombre del editor, distribuidor, etc. Revolver Publishing,
Fecha de publicación, distribución, etc. [2022]
300 ## - DESCRIPCIÓN FÍSICA
Extensión 178 p :
Otras características físicas ilustraciones a color ;
Dimensiones 28 cm
500 ## - NOTA GENERAL
Nota general El libro fue publicado para la exhibición: Still shifting, mother field por Jennifer Tee, en Secession (16 sep - 06 nov, 2022) y Kunstinstituut Melly (20 ene - 23 abr, 2023)
600 14 - PUNTO DE ACCESO ADICIONAL DE MATERIA--NOMBRE DE PERSONA
Nombre de persona Tee, Jennifer,
Fechas asociadas al nombre 1973-
Título de la obra Tampan tulip
650 #4 - PUNTO DE ACCESO ADICIONAL DE MATERIA--TÉRMINO DE MATERIA
Término de materia o nombre geográfico como elemento de entrada Arte
Subdivisión de forma exposiciones
650 #4 - PUNTO DE ACCESO ADICIONAL DE MATERIA--TÉRMINO DE MATERIA
Término de materia o nombre geográfico como elemento de entrada Arte
Subdivisión de forma catálogos
650 #4 - PUNTO DE ACCESO ADICIONAL DE MATERIA--TÉRMINO DE MATERIA
Término de materia o nombre geográfico como elemento de entrada Pintura
Subdivisión de forma exposiciones
700 1# - ENTRADA AGREGADA--NOMBRE PERSONAL
Nombre de persona Südbeck, Annette
Término indicativo de función/relación autora de prefacio
700 1# - ENTRADA AGREGADA--NOMBRE PERSONAL
Nombre de persona Hernández Chong Cuy, Sofía
Término indicativo de función/relación autora de prefacio
700 1# - ENTRADA AGREGADA--NOMBRE PERSONAL
Nombre de persona Deursen, Ernst van
Término indicativo de función/relación fotógrafo
700 1# - ENTRADA AGREGADA--NOMBRE PERSONAL
Nombre de persona Tsw, Cleo
Término indicativo de función/relación diseñadora
700 1# - ENTRADA AGREGADA--NOMBRE PERSONAL
Nombre de persona Ginwala, Natasha
Término indicativo de función/relación autora
700 1# - ENTRADA AGREGADA--NOMBRE PERSONAL
Nombre de persona Williamson, Sophie J.
Término indicativo de función/relación autora
710 2# - ENTRADA AGREGADA--NOMBRE DE ENTIDAD CORPORATIVA
Nombre de entidad corporativa o nombre de jurisdicción como elemento de entrada Secession
Término indicativo de función/relación órgano editor
942 ## - ELEMENTOS DE ENTRADA SECUNDARIOS (KOHA)
Fuente del sistema de clasificación o colocación Clasificación Decimal Dewey
Tipo de ítem Koha Libros
Parte de la signatura que corresponde a la clasificación (Parte de la clasificación) 707.4
Parte de la signatura que identifica el ejemplar (Parte del ítem) S444t
Suprimir en OPAC No
Holdings
Estatus retirado Estado de pérdida Fuente del sistema de clasificación o colocación Estado de daño No para préstamo Colección Biblioteca de origen Biblioteca actual Fecha de adquisición Total de préstamos Signatura topográfica completa Código de barras Visto por última vez Precio de reemplazo Tipo de ítem Koha
    Clasificación Decimal Dewey     Libros Biblioteca LadoV Biblioteca LadoV 18/11/2025   707.4 S444t 004565 18/11/2025 18/11/2025 Libros